Hướng dẫn làm đồ án quy hoạch 1 quy hoạch chi tiết đơn vị ở

KR059 ĐAKT 10 (Quy hoạch 1: Đơn vị ở); KR081 Đồ án quy hoạch 1 - Đơn vị ở

保存先:
書誌詳細
第一著者: Phạm, Hùng Cường
フォーマット: 図書
言語:Undetermined
出版事項: H. Xây dựng 2009
主題:
オンライン・アクセス:http://lrc.tdmu.edu.vn/opac/search/detail.asp?aID=2&ID=3534
タグ: タグ追加
タグなし, このレコードへの初めてのタグを付けませんか!
Thư viện lưu trữ: Trung tâm Học liệu Trường Đại học Thủ Dầu Một
LEADER 00799nam a2200205Ia 4500
001 TDMU_3534
008 210410s9999 xx 000 0 und d
082 |a 711 
090 |b P491 
100 |a Phạm, Hùng Cường 
245 0 |a Hướng dẫn làm đồ án quy hoạch 1 quy hoạch chi tiết đơn vị ở 
245 0 |c Phạm Hùng Cường 
260 |a H. 
260 |b Xây dựng 
260 |c 2009 
300 |a 51tr. 
520 |a KR059 ĐAKT 10 (Quy hoạch 1: Đơn vị ở); KR081 Đồ án quy hoạch 1 - Đơn vị ở 
650 |a Đồ án quy hoạch; Qui hoạch chi tiết  |x Nhà ở 
856 |u http://lrc.tdmu.edu.vn/opac/search/detail.asp?aID=2&ID=3534 
980 |a Trung tâm Học liệu Trường Đại học Thủ Dầu Một